00639nam a2200205Ia 450000500170000000800410001702000290005804000190008704100120010608200160011810000220013424500840015625000160024026000480025630000160030450400500032065000260037065100270039685000100042320230201120533.0140110s9999 xx 000 0 und d a9788120808980cRs.395.00 aLoreto College aEnglish a954.01bSHA aSharma,Ram Sharan aAspects of political ideas and institutions in ancient IndiacRam Sharan Sharma a5th rev.ed. aDelhibMotilal Banarsidass Publishersc2005 axxxi,462p.  aIncludes bibliographical references and index aIndia-History,ancient aPolitics-India-Ancient aLCLIB